Personalidades históricas y famosos - N - Estadísticas

Estadísticas generales
  • Esta prueba ha sido intentada 124 veces
  • La puntuación promedio es 10 de 24
Estadísticas de respuestas
Descripción Respuesta % Correcto
Militar francés nacido en Córcega que se convirtió en emperador de Francia y conquistó media Europa. Napoleón
98%
Es de los científicos más importantes de la historia. Inventó el cálculo y descubrió la gravedad. Isaac Newton
95%
Este tenista español con más de 20 Grand Slams es considerado uno de los mejores en la historia de su deporte. Rafael Nadal
95%
Futbolista brasileño que jugó en el FC Barcelona y actualmente juega en el Paris Saint-Germain. Neymar
84%
Inventor de la dinamita y creador de los premios dedicados a la investigación científica que llevan su nombre. Alfred Nobel
80%
Este chileno es considerado uno de los poetas más grandes del siglo XX. Pablo Neruda
78%
Reina de Egipto y esposa del faraón Akenatón. Su busto es una de las esculturas más conocidas del Antiguo Egipto. Nefertiti
76%
Filósofo alemán del siglo XIX y uno de los más importantes de la historia de la filosofía occidental. Su frase más conocida es "Dios ha muerto". Friedrich Nietzsche
74%
Fue presidente de los Estados Unidos entre 1969 y 1974. Richard Nixon
65%
Último emperador romano de la dinastía Julio-Claudia. Su reinado se suele asociar con la extravagancia y la tiranía. Nerón
55%
Director de cine conocido por películas cómo la trilogía de "The Dark Knight", "Inception", "Interstellar" y "Memento". Christopher Nolan
49%
Actor de cine estadounidense famoso por ser el protagonista en películas como "El resplandor", "Chinatown" y "Alguien voló sobre el nido del cuco". Jack Nicholson
47%
Rey babilonio que conquistó Jerusalén e hizo construir los Jardines Colgantes de Babilonia. Nabucodonosor II
29%
Fue de los actores más destacados del siglo XX. Sus películas más aclamadas son "El vividor", "El color del dinero" y "Dos hombres y un destino". Paul Newman
28%
Rapero estadounidense que fue de los más influyentes de los noventa. Conocido por su gran habilidad en el uso de las métricas y su fuerte rivalidad con Tupac Shakur. Notorious B.I.G.
21%
Político ruso y máximo opositor de Putin que actualmente se encuentra detenido en Rusia tras su envenenamiento en el año 2021. Alekséi Navalni
20%
Este luchador ruso tiene la racha invicta más larga de MMA y es considerado uno de los mejores peleadores en artes marciales mixtas de la historia. Jabib Nurmagomédov
13%
A este personaje se le suele considerar cómo el primer faraón egipcio. Narmer
11%
Segundo rey de Roma y sucesor de Rómulo. Numa Pompilio
7%
Líder ruso y santo ortodoxo que derrotó a los suecos, entre otros enemigos, durante el siglo XIII. Alejandro Nevski
5%
Este coreógrafo ruso fue de los bailarines de ballet más dotados de la historia. Vaslav Nijinsky
5%
Según la Biblia fue bisnieto de Noé y construyó la Torre de Babel. Nemrod
3%
Atleta finlandés de principios del siglo XX especializado en carreras de media y larga distancia que posee nueve medallas de oro olímpicas. Paavo Nurmi
3%
General ateniense que luchó en la guerra del Peloponeso y fue el responsable de la derrota final de Atenas. Nicias
2%
No se encontraron pruebas coincidentes
Distribución de puntuación
Porcentaje de gente con cada puntuación
Porcentaje por número respondido
Historial de tus puntuaciones
No has intentado esta prueba.